| 000 | 00558nam a2200193Ia 4500 | ||
|---|---|---|---|
| 005 | 20250508152717.0 | ||
| 008 | 008 250505s9999 xx 000 0 eng d | ||
| 037 | _aTextual | ||
| 040 |
_aFEDL _beng _cFEDL |
||
| 041 |
_aeng _2eng |
||
| 084 |
_a371.39, LAM _qFEDL |
||
| 100 |
_aLambert Richard D _9151325 |
||
| 245 | 0 | _aIndian students on an American campus | |
| 260 |
_aLondon, UK _bOxford University Press _c1956 |
||
| 300 | _axi,122p. | ||
| 700 |
_a Bressler Marvin _9762209 |
||
| 942 |
_cTEXL _h371.39, LAM |
||
| 999 |
_c1338222 _d1338222 |
||